01090cam a2200253 a 4500001000800000005001700008008004100025010001700066020003200083040001800115043001200133050003000145100002200175245008700197260007700284300006700361440004400428504006600472610002400538650006000562650007300622651005200695856008900747350535520170124104252.0950419s1996 enkaf b 001 0 eng  a 95017386  a0198175191 (acidfree paper) aDLCcDLCdDLC ae-uk-en00aNA5471 b.C954C36 19961 aCampbell, Louise.10aCoventry Cathedral :bart and architecture in post-war Britain /cLouise Campbell. aOxford :bClarendon Press ;aNew York :bOxford University Press,c1996. axviii, 287 p., [16] p. of plates :bill. (some col.) ;c29 cm. 0aClarendon studies in the history of art aIncludes bibliographical references (p. [278]-282) and index.20aCoventry Cathedral. 0aArchitecturezEnglandzCoventryxHistoryy20th century. 0aChristian art and symbolismzEnglandzCoventryyModern period, 1500- 0aCoventry (England)xBuildings, structures, etc.423Publisher descriptionuhttp://www.loc.gov/catdir/enhancements/fy0637/95017386-d.html